Atlas cultural de la Amazonía colombiana : (Registro nro. 4756)
[ vista simple ]
| 000 -CABECERA | |
|---|---|
| Campo de control | 01222cam a2200301 i 4500 |
| 005 - FECHA Y HORA DE LA ULTIMA TRANSACCION | |
| Campo de control | 20160131093709.0 |
| 008 - ELEMENTOS DE LONGITUD FIJA—INFORMACION GENERAL | |
| Campo de control | 990226s1998 ck ab r 00010 spa d |
| 015 ## - NATIONAL BIBLIOGRAPHY NUMBER | |
| National bibliography number | ck-1998-xxxx |
| 020 ## - ISBN | |
| ISBN | 9588052270 |
| 040 ## - FUENTE DE CATALOGACIÓN | |
| Agencia catalogadora original | la |
| Agencia transcriptora | la |
| Agencia Modificadora | CO-BoIAVH |
| 041 0# - IDIOMA | |
| Código de idioma para texto/pista de sonido o título separado | Español |
| 043 ## - GEOGRAPHIC AREA CODE | |
| Geographic area code | s-ck--- |
| 090 ## - CLASIFICACIÓN LOCAL | |
| Colección | RE- |
| Consecutivo | 00054 |
| 100 1# - ASIENTO PRINCIPAL--NOMBRE PERSONAL | |
| Nombre personal | Ariza, Eduardo |
| 9 (RLIN) | 56010 |
| 245 10 - MENCION DE TITULO | |
| Título | Atlas cultural de la Amazonía colombiana : |
| Parte restante del título | la construcción del territorio en el siglo XX / |
| Mención de responsabilidad | Eduardo Ariza, María Clemencia Ramírez, Leonardo Vega. |
| 260 ## - PUBLICACION, DISTRIBUCION, ETC. (PIE DE IMPRENTA) | |
| Lugar de publicación, distribución, etc. | Bogotá : |
| Nombre del editor, distribuidor, etc. | Corpes Orinoquía, Corpes Amazonía, Instituto Colombiano de Antropología, Ministerio de Cultura, |
| Fecha de publicación, distribución, etc. | 1998. |
| 300 ## - DESCRIPCION FISICA | |
| Extensión | 219 páginas : |
| Otros detalles físicos | ilustraciones y mapas ; |
| Dimensiones | 23 cm. + |
| Material acompañante | 14 mapas. |
| 504 ## - NOTA DE BIBLIOGRAFIA, ETC. | |
| Nota de bibliografía | Incluye referencias bibliográficas. |
| 651 16 - ASIENTO SECUNDARIO DE MATERIA - NOMBRE GEOGRAFICO | |
| Nombre geográfico | Amazonas (Región) |
| Subdivisión de forma | Atlas. |
| 9 (RLIN) | 56011 |
| 651 26 - ASIENTO SECUNDARIO DE MATERIA - NOMBRE GEOGRAFICO | |
| Nombre geográfico | Amazonas (Región) |
| Subdivisión general | Descripción. |
| 9 (RLIN) | 56012 |
| 651 26 - ASIENTO SECUNDARIO DE MATERIA - NOMBRE GEOGRAFICO | |
| Nombre geográfico | Amazonas (Región) |
| Subdivisión general | Vida social y costumbres. |
| 9 (RLIN) | 56013 |
| 651 26 - ASIENTO SECUNDARIO DE MATERIA - NOMBRE GEOGRAFICO | |
| Nombre geográfico | Amazonas (Región) |
| Subdivisión general | Historia. |
| 9 (RLIN) | 56014 |
| 651 26 - ASIENTO SECUNDARIO DE MATERIA - NOMBRE GEOGRAFICO | |
| Nombre geográfico | Amazonas (Región) |
| Subdivisión general | Geografía. |
| 9 (RLIN) | 56015 |
| 700 1# - ASIENTO SECUNDARIO - NOMBRE PERSONAL | |
| Nombre personal | Ramírez, María Clemencia, |
| Término de relación | autora. |
| 9 (RLIN) | 22224 |
| 700 1# - ASIENTO SECUNDARIO - NOMBRE PERSONAL | |
| Nombre personal | Vega, Leonardo, |
| Término de relación | autor. |
| 9 (RLIN) | 22225 |
| 942 ## - ELEMENTOS ADICIONALES (KOHA) | |
| Sistema de clasificación | Dewey Decimal Classification |
| Tipo de ítem | Libro |
| 949 ## - LOCAL PROCESSING INFORMATION (OCLC) | |
| a | c |
| b | c |
| Withdrawn status | Lost status | Sistema de Clasificación | Damaged status | No para préstamo | Colección | Ubicación Permanente | Ubicación actual | Fecha de adquisición | Total Checkouts | Número topográfico | Inventario / Código de Barras | Date last seen | Ejemplar | Price effective from | Forma de adquisición | Tipo de material | Fuente de Valor | Public note |
|---|---|---|---|---|---|---|---|---|---|---|---|---|---|---|---|---|---|---|
| Dewey Decimal Classification | Hemeroteca | Bogotá | Bogotá | 16/08/2005 | RE-00054 | 019642 | 04/12/2012 | Ej. 1 | 04/12/2012 | Compra | Referencia | |||||||
| Local | Bogotá | Bogotá | 16/08/2005 | MC-0366 | 019643 | 04/12/2012 | Ej. 1 | 04/12/2012 | Compra | Mapa | INDICADORE | Atlas cultural de la Amazonia Colombiana |